| 000 | 00955nmm a2200277 a 4500 | ||
|---|---|---|---|
| 001 | ocm0001916984 | ||
| 003 | TR-IsHL | ||
| 005 | 20201028172930.0 | ||
| 008 | 180714s2017 tu tur | ||
| 007 | cr cn | ||
| 020 | _a9786052015506 | ||
| 035 |
_a1916984 _b(N$T) |
||
| 050 | 0 | 4 |
_aPL248.S44 _bD44 2017 |
| 090 | 0 | 4 |
_aPL248.S44 _bD44 2017 |
| 100 | 1 | _aSefercioğlu, Mustafa Nejat | |
| 245 | 1 | 0 |
_aDefne yaprakları : _bdil, kültür ve edebiyat yazıları _h[electronic resource] / _cMustafa Nejat Sefercioğlu |
| 250 | _aBirinci basım | ||
| 260 |
_aİstanbul : _bHiperlink Yayınları, _c2017 |
||
| 300 | _a219 p. | ||
| 650 | 4 | _aDil ve Edebiyat | |
| 650 | 4 | _aLanguage and Literature | |
| 650 | 0 |
_aTürk edebiyatı _x Denemeler |
|
| 650 | 0 |
_aTurkish literature _x Essays |
|
| 650 | 7 |
_aLITERARY COLLECTIONS / Middle Eastern _2bisacsh |
|
| 856 | 4 | 0 | _uhttp://search.ebscohost.com/login.aspx?direct=true&scope=site&db=e011xww&AN=1916984 |
| 999 |
_c17447 _d17447 |
||